| 000 | 00683nam a2200205 a 4500 | ||
|---|---|---|---|
| 005 | 20140311163030.0 | ||
| 008 | 091207s19uu xx 00 eng d | ||
| 020 | _a978-0-415-99020-2 | ||
| 050 |
_aLA 229 _b.M345 2009 |
||
| 100 | _aMartinez Aleman, Ana M. | ||
| 245 |
_aOnline social networking on campus : _bunderstanding what matters in student culture. |
||
| 260 |
_aNew York : _bRoutledge Taylor and Francis Group, _c2009. |
||
| 300 |
_a154 p. : _c24 cm. |
||
| 521 | _aIT | ||
| 650 |
_aCollege students _xSocial networks _xUnited States. |
||
| 650 |
_aOnline Social networks _xUnited States. |
||
| 700 | _aWartman, Katherine Lynk | ||
| 942 |
_cBK _2lcc _kFOR |
||
| 999 |
_c39619 _d39619 |
||